Dame- Quevedo, Omar Montes - Estadísticas

Estadísticas generales
  • Esta prueba ha sido intentada 77 veces
  • La puntuación promedio es 277 de 380
Estadísticas de respuestas
Letra % Correcto
dame
100%
A
98%
a
98%
no
98%
en
95%
te
95%
un
95%
Y
95%
y
95%
es
93%
me
93%
Me
93%
pa'
93%
por
93%
Porfa
93%
porfa
93%
Que
93%
que
93%
mi
90%
plane'
90%
motivo
88%
tenerte
88%
mis
85%
Si
85%
está
83%
la
83%
para
83%
tu
83%
Tu
83%
83%
Abuela
80%
cómo
80%
como
80%
lo
80%
preguntó
80%
Ni
78%
ni
78%
queriendo
78%
Quiero
78%
sigo
78%
sigues
78%
yendo
78%
yo
78%
Yo
78%
bebé
73%
Bebé
73%
estudiando
73%
llame
73%
mal
73%
Se
73%
ame
70%
Aún
70%
Aunque
70%
aunque
70%
bobo
70%
cuenta
70%
darte
70%
el
70%
él
70%
estoy
70%
nos
70%
pasando
70%
reclame
70%
tarde
70%
TBT
70%
tus
70%
Ya
70%
ya
70%
historial
68%
olvidé
68%
pidas
68%
rosa
68%
Tenme
68%
baby
65%
beso'
65%
cosa
65%
dolorosa
65%
este
65%
fue
65%
marcha
65%
marchitó
65%
Nunca
65%
nunca
65%
así
63%
beber
63%
fumar
63%
hacer
63%
Normal
63%
otra
63%
pelo
63%
Pero
63%
puedo
63%
salgo
63%
apuntarlo
60%
nombre
60%
solito
60%
tampoco
60%
va
60%
con
58%
moría
58%
sienta
58%
Sin
58%
Solamente
58%
estás
55%
hombre
55%
mano'
55%
memoria
55%
otro
55%
pensando
55%
sale
55%
Siempre
55%
siempre
55%
del
53%
golpe'
53%
siento
53%
ti
53%
vamo'
53%
dando
50%
una
50%
vece'
50%
vuelta'
50%
bien
48%
ere'
48%
extraño
48%
Pienso
48%
Tengo
48%
fui
45%
futuro
45%
parece
45%
Toda'
45%
aprendemo'
43%
Cristiano
43%
demonia
43%
leal
43%
Mundial
43%
olvidar
43%
perfume
43%
poses
43%
puse
43%
cielo
40%
concentro
40%
fiel
40%
noche'
40%
Noria
40%
to'a
40%
Caíste
38%
duermo
38%
llorar
38%
puso
38%
ahora
35%
Dime
35%
vas
35%
esas
33%
habitación
33%
llorándome
33%
olor
33%
DeLorean
30%
dónde
30%
quedó
30%
Vine
30%
adiós
28%
supe
28%
valorar
28%
yeah
28%
bailar
25%
salíamo'
25%
clava'o
23%
Casi
18%
tomo
15%
Adderall
10%
cuidé
10%
No se encontraron pruebas coincidentes
Distribución de puntuación
Porcentaje de gente con cada puntuación
Porcentaje por número respondido
Historial de tus puntuaciones
No has intentado esta prueba.